Contemporary Teaching of Social Studies / (Record no. 52326)
[ view plain ]
| 000 -LEADER | |
|---|---|
| fixed length control field | 00663nam a2200229 a 4500 |
| 001 - CONTROL NUMBER | |
| control field | 52326 |
| 003 - CONTROL NUMBER IDENTIFIER | |
| rucl marc code | BD-RjUL |
| 005 - DATE AND TIME OF LATEST TRANSACTION | |
| control field | 20211209075803.0 |
| 008 - FIXED-LENGTH DATA ELEMENTS--GENERAL INFORMATION | |
| fixed length control field | 160919s2003 ii ||||| |||| 00| 0 eng d |
| 020 ## - INTERNATIONAL STANDARD BOOK NUMBER | |
| International Standard Book Number | 8122900143 |
| 035 ## - SYSTEM CONTROL NUMBER | |
| System control number | (BD-RjUL)52446 |
| 040 ## - CATALOGING SOURCE | |
| Original cataloging agency | BD-RjUL |
| Language of cataloging | eng |
| Transcribing agency | BD-RjUL |
| 041 ## - LANGUAGE CODE | |
| Language code of text/sound track or separate title | eng |
| 082 ## - DEWEY DECIMAL CLASSIFICATION NUMBER | |
| Edition number | 23 |
| Classification number | 300.071 |
| Author mark and year | SHC 2003 |
| 100 1# - MAIN ENTRY--PERSONAL NAME | |
| Personal name | Sharma, R.N. |
| 9 (RLIN) | 156594 |
| 245 10 - TITLE STATEMENT | |
| Title | Contemporary Teaching of Social Studies / |
| Statement of responsibility, etc. | R.N.Sharma |
| 260 ## - PUBLICATION, DISTRIBUTION, ETC. (IMPRINT) | |
| Place of publication, distribution, etc. | New Delhi : |
| Name of publisher, distributor, etc. | Surjeet Publications, |
| Date of publication, distribution, etc. | 2003. |
| 300 ## - PHYSICAL DESCRIPTION | |
| Pagination | 397 p. ; |
| Illustrations | 23 cm. |
| 504 ## - BIBLIOGRAPHY, ETC. NOTE | |
| Bibliography, etc | Includes Bibliography and Reference |
| 650 ## - SUBJECT ADDED ENTRY--TOPICAL TERM | |
| Topical term or geographic name as entry element | Social sciences |
| General subdivision | Study and teaching |
| 9 (RLIN) | 156595 |
| 942 ## - ADDED ENTRY ELEMENTS (KOHA) | |
| Source of classification or shelving scheme | Dewey Decimal Classification |
| Koha item type | Books |
| Lost status | Source of classification or shelving scheme | Damaged status | Not for loan | Collection code | Permanent Location | Current Location | Shelving location | Date acquired | Source of acquisition | Cost, normal purchase price | Total Checkouts | Full call number | Date last seen | Copy number | Koha item type |
|---|---|---|---|---|---|---|---|---|---|---|---|---|---|---|---|
| Dewey Decimal Classification | Non-fiction | Central Library, University of Rajshahi | Central Library, University of Rajshahi | 20/10/2005 | Dhaka, Paragon Enterprises Ltd | 495.00 | 300.071 SHC 2003 | 19/09/2016 | C-2 | Books | |||||
| Dewey Decimal Classification | Not For Loan | Non-fiction | Central Library, University of Rajshahi | Central Library, University of Rajshahi | Reading Room | 20/10/2005 | dhaka, paragon Enterprice ltd. | 495.00 | 300.071 SHC 2003 | 01/01/2017 | C-1 | Books |